El Mediterráneo : (Record no. 142887)
[ view plain ]
| 000 -LEADER | |
|---|---|
| fixed length control field | nam a22 4500 |
| 005 - DATE AND TIME OF LATEST TRANSACTION | |
| control field | 20180803123349.0 |
| 008 - FIXED-LENGTH DATA ELEMENTS--GENERAL INFORMATION | |
| fixed length control field | 180801b mx ||||| |||| 00| 0 spa d |
| 020 ## - INTERNATIONAL STANDARD BOOK NUMBER | |
| International Standard Book Number | 9789681632953 |
| 050 04 - LIBRARY OF CONGRESS CALL NUMBER | |
| Classification number | D973 |
| Item number | B73 2009 |
| 100 1# - MAIN ENTRY--PERSONAL NAME | |
| Relator code | Braudel, Fernando. |
| 245 13 - TITLE STATEMENT | |
| Title | El Mediterráneo : |
| Remainder of title | el espacio y la historia |
| Statement of responsibility, etc | / Fernando Braudel |
| 250 ## - EDITION STATEMENT | |
| Edition statement | 3a ed. |
| 260 ## - PUBLICATION, DISTRIBUTION, ETC. (IMPRINT) | |
| Place of publication, distribution, etc | México : |
| Name of publisher, distributor, etc | Fondo de Cultura Económica, |
| Date of publication, distribution, etc | 2009. |
| 300 ## - PHYSICAL DESCRIPTION | |
| Extent | 172 p. ; |
| Dimensions | 17 cm. |
| 490 ## - SERIES STATEMENT | |
| Series statement | Colección Popular |
| Volume number/sequential designation | ; 431 |
| 500 ## - GENERAL NOTE | |
| General note | Titulo original : La Mediterranée. L´espace et I´histoire. |
| 650 #7 - SUBJECT ADDED ENTRY--TOPICAL TERM | |
| Source of heading or term | LEMB |
| Topical term or geographic name as entry element | Pluralismo cultural |
| Geographic subdivision | Región mediterránea |
| 651 #7 - SUBJECT ADDED ENTRY--GEOGRAPHIC NAME | |
| Source of heading or term | LEMB |
| Geographic name | Región Mediterráneo |
| General subdivision | Historia |
| Chronological subdivision | Siglo XVI |
| 651 #7 - SUBJECT ADDED ENTRY--GEOGRAPHIC NAME | |
| Source of heading or term | LEMB |
| Geographic name | Región Mediterráneo |
| General subdivision | Historia |
| Chronological subdivision | Siglo XVII |
| 651 #7 - SUBJECT ADDED ENTRY--GEOGRAPHIC NAME | |
| Source of heading or term | LEMB |
| Geographic name | Región Mediterráneo |
| General subdivision | Historia |
| Chronological subdivision | Siglo XVIII |
| 942 ## - ADDED ENTRY ELEMENTS (KOHA) | |
| Source of classification or shelving scheme | Biblioteca del Cogreso de los Estados Unidos |
| Koha item type | Libro |
| Estado de pérdida | Fuente de clasificación | Estado del daño | No para préstamo | Ubicación permanente | Ubicación actual | Apartado o colección | Fecha de adquisición | Edición | Dependencia de educación superior (DES) | Área del conocimiento | Clasificación | Código de Barras | Date last seen | Número de copia | Tipo de recurso | Nota pública |
|---|---|---|---|---|---|---|---|---|---|---|---|---|---|---|---|---|
| Biblioteca del Cogreso de los Estados Unidos | Biblioteca del Instituto de Investigaciones Históricas | Biblioteca del Instituto de Investigaciones Históricas | General | 01/08/2018 | 1a ed. | Humanidades | Ciencias Sociales y Administrativas | D973 B73 2009 | IIH000020892 | 01/08/2018 | C:1 | Libro | GENERAL |